| 000 | 00728nam a22002297a 4500 | ||
|---|---|---|---|
| 005 | 20170124110101.0 | ||
| 010 | _aA-946123 | ||
| 020 |
_c00.00 _a8173870861 |
||
| 035 | _aA-946123 | ||
| 037 | _bCen Lib/Ret | ||
| 040 |
_aDPL _bEN |
||
| 082 |
_a954.6 _bKAU |
||
| 100 |
_aKaul, H.N. _918066 |
||
| 245 |
_aRediscovery of Ladakh / _cby H.N.Kaul |
||
| 260 |
_bIndus Publishing Company _aNew Delhi _c1998 |
||
| 270 |
_aFS-5, Tagore Garden _e110027 _bNew Delhi |
||
| 300 |
_a264p. : _c20cm(Hb) _bcol.ill. |
||
| 500 | _aIncludes bibliographical references and index | ||
| 650 |
_aLadākh (India) -- Social life and customs _927129 |
||
| 650 |
_aLadākh (India) -- History _927130 |
||
| 942 |
_2ddc _cEN _h954.6 _mKAU |
||
| 999 |
_c129687 _d129687 |
||